〈プロ野球〉12球団と侍ジャパンの監督(2025) - Statistics

General Stats
  • This quiz has been taken 306 times
  • The average score is 11 of 13
Answer Stats
チーム 監督 % Correct
巨人 阿部慎之助
98%
日ハム 新庄剛志
97%
阪神 藤川球児
96%
ヤクルト 高津臣吾
94%
横浜 三浦大輔
92%
ソフバン 小久保裕紀
92%
広島 新井貴浩
90%
侍ジャパン 井端弘和
86%
中日 井上一樹
85%
ロッテ 吉井理人
77%
楽天 三木肇
69%
オリックス 岸田護
68%
西武 西口文也
67%
No matching quizzes found
Score Distribution
Percent of People with Each Score
Percentile by Number Answered
Your Score History
You have not taken this quiz